Basic texts of the Food and Agriculture Organization of the United Nations. (Record no. 3851)

MARC details
000 -LEADER
fixed length control field 00994cam a22002777a 4500
001 - CONTROL NUMBER
control field 12766638
003 - CONTROL NUMBER IDENTIFIER
control field OSt
005 - DATE AND TIME OF LATEST TRANSACTION
control field 20230704140343.0
008 - FIXED-LENGTH DATA ELEMENTS--GENERAL INFORMATION
fixed length control field 011022s2001 it 001 0 eng d
010 ## - LIBRARY OF CONGRESS CONTROL NUMBER
LC control number 2002406302
020 ## - INTERNATIONAL STANDARD BOOK NUMBER
International Standard Book Number 9251045186 (pbk.)
035 ## - SYSTEM CONTROL NUMBER
System control number (OCoLC)ocm48187279
040 ## - CATALOGING SOURCE
Original cataloging agency VZD
Transcribing agency VZD
Modifying agency DLC
042 ## - AUTHENTICATION CODE
Authentication code lccopycat
082 00 - DEWEY DECIMAL CLASSIFICATION NUMBER
Classification number 341.762
Item number FAO
110 2# - MAIN ENTRY--CORPORATE NAME
Corporate name or jurisdiction name as entry element Food and Agriculture Organization of the United Nations.
245 10 - TITLE STATEMENT
Title Basic texts of the Food and Agriculture Organization of the United Nations.
250 ## - EDITION STATEMENT
Edition statement 2000 ed.
260 ## - PUBLICATION, DISTRIBUTION, ETC. (IMPRINT)
Place of publication, distribution, etc. Rome, Italy :
Name of publisher, distributor, etc. FAO,
Date of publication, distribution, etc. c2001.
300 ## - PHYSICAL DESCRIPTION
Extent 2 v. in 1 (246 p.) ;
Dimensions 23 cm.
500 ## - GENERAL NOTE
General note "Includes all amendments adopted by the Conference up to November 1999"--T.p. verso.
610 20 - SUBJECT ADDED ENTRY--CORPORATE NAME
Corporate name or jurisdiction name as entry element Food and Agriculture Organization of the United Nations
Form subdivision Constitution.
906 ## - LOCAL DATA ELEMENT F, LDF (RLIN)
a 7
b cbc
c copycat
d 3
e ncip
f 20
g y-gencatlg
942 ## - ADDED ENTRY ELEMENTS (KOHA)
Source of classification or shelving scheme Dewey Decimal Classification
Koha item type Books
Holdings
Withdrawn status Lost status Source of classification or shelving scheme Damaged status Not for loan Home library Current library Date acquired Total Checkouts Full call number Barcode Date last seen Price effective from Koha item type
    Dewey Decimal Classification     County Hall Archives County Hall Archives 07/04/2023   341.762 FAO 10011416 07/04/2023 07/04/2023 Books
LIBRARY OPENING HOURS

When the Parliament is sitting: 8.00a.m - 7.00p.m or until the house adjourns
Mondays and Fridays and when the House is on Recess:  8.00a.m - 5.00p.m
Closed on Weekends and Public Holidays

Online Public Access Catalog (OPAC)
Website: http://www.parliament.go.ke
Bunge Library: https://libraryir.parliament.go.ke
Contact: library@parliament.go.ke | Tel no: (254-2)2221291 or 2848000 Ext 5043